000 00372nam a22001577a 4500
003 CEME
005 20210628205308.0
008 210308b xxu||||| |||| 00| 0 eng d
040 _c.
082 _a954.91 MAS'P
100 _aMasud-Ul-Hasan
_974816
245 _aPakistan places of interest
260 _aLAHORE
_bFEROZE SONS
_c1990
300 _a404P
942 _cBK
_2ddc
999 _c580315
_d580315